|
|
|
|
| LEADER |
01225nam a2200289 a 4500 |
| 001 |
16406121 |
| 008 |
121008s2011 mnua b 001 0 eng d |
| 010 |
|
|
|a 2010032184
|
| 020 |
|
|
|a 9780816670949 (hc : alk. paper)
|
| 020 |
|
|
|a 0816670943 (hc : alk. paper)
|
| 020 |
|
|
|a 9780816670956 (pb : alk. paper)
|
| 020 |
|
|
|a 0816670951 (pb : alk. paper)
|
| 040 |
|
|
|a DLC
|c DLC
|d YDX
|d YDXCP
|d BWX
|d CDX
|d YHM
|d UKMGB
|d MIX
|d DLC
|d BD-DhAAL.
|
| 082 |
0 |
0 |
|a 332
|2 22
|
| 100 |
1 |
|
|a Karim, Lamia.
|
| 245 |
1 |
0 |
|a Microfinance and its discontents :
|b women in debt in Bangladesh /
|c Lamia Karim.
|
| 260 |
|
|
|a Minneapolis ;
|a London :
|b University of Minnesota Press,
|c c2011.
|
| 300 |
|
|
|a xxxiii, 255 p. :
|b ill. ;
|c 23 cm.
|
| 504 |
|
|
|a Includes bibliographical references and Index.
|
| 541 |
|
|
|e 00026132
|
| 650 |
|
0 |
|a Microfinance
|z Bangladesh.
|
| 650 |
|
0 |
|a Women
|z Bangladesh
|x Economic conditions.
|
| 650 |
|
0 |
|a Non-governmental organizations
|z Bangladesh.
|
| 852 |
4 |
|
|a Ayesha Abed Library
|j General shelf.
|
| 942 |
0 |
0 |
|0 1
|
| 999 |
|
|
|c 12899
|d 12899
|
| 952 |
|
|
|0 0
|1 0
|4 0
|6 332_000000000000000_KAR
|7 0
|9 21281
|a BRACUL
|b BRACUL
|c GEN
|d 2012-10-11
|e Karim International
|g 2370.00
|l 8
|m 35
|o 332 KAR
|p 3010026132
|r 2026-05-14
|s 2026-04-23
|t 1
|w 0000-00-00
|y BK
|x Available
|